000 004370000a22001810004500
003 MACL
005 20151219160630.0
008 151219b xxu||||| |||| 00| 0 eng d
040 _aMACL
_cMACL
041 _aEnglish
082 _a613.7046/LAL
100 _aLalvani, Vimla
_921527
245 _aYoga For Stress
260 _bHamlyn
_c1998
_aChina
350 _a794
650 _aMedical Science
_921528
942 _cBK
_k613.7046/LAL
_2ddc
999 _c40187
_d40187